| 000 | 00693cam a22002291 4500 | ||
|---|---|---|---|
| 001 | he 68002029 | ||
| 003 | DLC | ||
| 005 | 20260227111500.0 | ||
| 008 | 840827s1967 is j 000 0 heb | ||
| 010 | _ahe 68002029 | ||
| 035 | _a(OCoLC)19198156 | ||
| 040 |
_aDLC _cMH _dDLC |
||
| 042 | _apremarc | ||
| 050 | 0 | 0 |
_aPZ90.H3 _bW446 |
| 100 | 1 | _aWerba, Chawa. | |
| 245 | 1 | 0 |
_aḲol ani shomeʼa / _ctsilumim meʼet Hilah Shṭrenger-Raḥmilevits [ṿe]-Nili Sher. |
| 260 |
_a[Tel Aviv] : _bTarbut ṿe-hinukh, _c[1967] |
||
| 300 |
_a1 v. (unpaged) : _bill. ; _c23 x 25 cm. |
||
| 700 | 2 |
_aShtrenger-Raḥmilevits, Hilah, _eillus. |
|
| 700 | 1 |
_aSher, Nili, _billus. |
|
| 752 |
_aIsrael _dTel Aviv |
||
| 999 |
_c33481 _d33481 |
||